Jesús en comunidad: el Nuevo Testamento, medio de acceso a Jesús
Guardat en:
| Autor principal: | |
|---|---|
| Format: | Llibre |
| Idioma: | espanyol |
| Publicat: |
Santander
Sal Terrae
1988
|
| Col·lecció: | Colección Presencia Teológica, 52
|
| Matèries: | |
| Etiquetes: |
Afegir etiqueta
Sense etiquetes, Sigues el primer a etiquetar aquest registre!
|
MARC
| LEADER | 00000nam a2200000 a 4500 | ||
|---|---|---|---|
| 001 | UCX2355 | ||
| 003 | CL-VaPUC | ||
| 008 | 910503e19880000SP |||||||||||||||||spa|d | ||
| 082 | 0 | 4 | |a 225 |b TUÑ |2 21 |
| 100 | |a Tuñi, Josep-Oriol |e author |9 318261 | ||
| 245 | 1 | 0 | |a Jesús en comunidad: el Nuevo Testamento, medio de acceso a Jesús |
| 300 | |a 154 p | ||
| 942 | |c BK | ||
| 945 | |d 19910503 00:00:00 | ||
| 260 | |a Santander |b Sal Terrae |c 1988 | ||
| 600 | 0 | |a Jesús |9 313614 | |
| 650 | 0 | |a Biblia |9 257603 | |
| 583 | |a last modification |c 19910503 00:00:00 |k Rodrigo Vera | ||
| 490 | 0 | |a Colección Presencia Teológica, 52 | |
| 999 | |c 223393 |d 223391 | ||
| 952 | |0 0 |1 0 |4 0 |6 225_000000000000000_TUÑ_1988 |7 0 |8 A |9 219151 |a BIBTEO |b BIBTEO |d 2019-11-15 |i 2879131 |o 225 TUÑ 1988 |p 2879131 |r 2025-01-17 |w 2019-11-15 |y BK |k ICR | ||
| 952 | |0 0 |1 0 |4 0 |6 225_000000000000000_TUÑ_1988 |7 0 |8 A |9 219152 |a BIBTEO |b BIBTEO |d 2019-11-15 |i 287914K |o 225 TUÑ 1988 |p 287914K |r 2025-01-17 |w 2019-11-15 |y BK |k ICR | ||